Peer-to-peer : (رقم التسجيلة. 731)

تفاصيل مارك
000 -الفاتح
حقل البيانات ثابتة الطول 01352cam a2200337 a 4500
001 - رقم الضبط
رقم الضبط 12688454
003 - محدد رقم الضبط
رقم الضبط OSt
005 - وقت وتاريخ اخر تعامل مع التسجيلة
رقم الضبط 20150408113722.0
008 - عناصر البيانات ثابتة الطول - معلومات عامة
حقل البيانات ثابتة الطول 020228s2002 caua 000 0 eng
010 ## - رقم ضبط مكتبة الكونجرس
رقم ضبط مكتبة الكونجرس 2002277096
020 ## - الرقم الدولى المعيارى للكتب
الرقم الدولى المعيارى للكتاب 0072192844
035 ## - رقم ضبط النظام
رقم ضبط النظام (DLC) 2002277096
035 ## - رقم ضبط النظام
رقم ضبط النظام (DLC)4450
035 ## - رقم ضبط النظام
رقم ضبط النظام (OCoLC)ocm48808223
040 ## - مصدر الفهرسة
وكالة الفهرسة الأصلية FZD
وكالة النسخ FZD
وكالة التعديل DLC
042 ## - رمز التحقق
رمز التحقق lccopycat
050 00 - رقم طلب مكتبة الكونجرس
رقم التصنيف TK5105.525
رقم المادة .M66 2002
082 00 - رقم تصنيف ديوى العشرى
رقم التصنيف 004.6/8
رقم الطبعة 21
100 1# - المدخل الرئيسى - إسم شخصى
الإسم الشخصى Moore, Dana,
التواريخ المصاحبة للاسم 1947-
9 (RLIN) 4915
245 10 - بيان العنوان
العنوان Peer-to-peer :
بقية العنوان building secure, scalable, and manageable networks /
بيان المسئوليه,etc Dana Moore and John Hebeler.
260 ## - PUBLICATION, DISTRIBUTION, ETC. (IMPRINT)
مكان الناشر او الموزع Berkeley, Calif :
اسم الناشر او الموزع Osborne,
تاريخ النشر أو التوزيع c2002.
300 ## - الوصف المادى
التعداد xvi, 337 p. :
تفاصيل ماديه اخرى للوعاء ill. ;
أبعاد الوعاء 24 cm.
650 #0 - المدخل الاضافى بالموضوع-مصطلح موضوعى
مصطلح موضوعي أو اسم جغرافي كعنصر مدخل Peer-to-peer architecture (Computer networks)
9 (RLIN) 4916
650 #0 - المدخل الاضافى بالموضوع-مصطلح موضوعى
مصطلح موضوعي أو اسم جغرافي كعنصر مدخل Local area networks (Computer networks)
9 (RLIN) 4818
700 1# - المدخل الاضافى - اسم شخصى
الإسم الشخصى Hebeler, John
9 (RLIN) 4917
856 42 - الوصول و الموقع الالكترونى
مواد محددة Publisher description
معرف المصدر الموحد <a href="http://www.loc.gov/catdir/description/mh024/2002277096.html">http://www.loc.gov/catdir/description/mh024/2002277096.html</a>
856 41 - الوصول و الموقع الالكترونى
مواد محددة Table of contents
معرف المصدر الموحد <a href="http://www.loc.gov/catdir/toc/mh023/2002277096.html">http://www.loc.gov/catdir/toc/mh023/2002277096.html</a>
856 42 - الوصول و الموقع الالكترونى
مواد محددة Contributor biographical information
معرف المصدر الموحد <a href="http://www.loc.gov/catdir/enhancements/fy0707/2002277096-b.html">http://www.loc.gov/catdir/enhancements/fy0707/2002277096-b.html</a>
942 ## - عناصر المدخل الإضافي( كوها)
مصدر التصنيف او مخطط الترفيف Dewey Decimal Classification
Koha [default] item type كتاب
المقتنيات
حالة الفقد نموذج السعر الفعال حالة تلف ليس للاعارة رقم الطلب تاريخ الاكتساب الموقع الحالي الباركود الفرع الرئيسي Date last checked out Date last seen نوع المادة فى نظام كوها مصدر التصنيف او خطة الترفيف Total Checkouts
  2013-03-10     004.68 M D P 2011-09-28 المكتبة المركزية بالمجمعة (CL) 00048856 المكتبة المركزية بالمجمعة (CL) 2023-11-14 2023-12-28 كتاب Dewey Decimal Classification 1
  2013-03-10     004.68 M D P 2011-09-28 المكتبة المركزية بالمجمعة (CL) 00048854 المكتبة المركزية بالمجمعة (CL)   2013-03-10 كتاب Dewey Decimal Classification  
  2013-03-10     004.68 M D P 2011-09-28 المكتبة المركزية بالمجمعة (CL) 00048858 المكتبة المركزية بالمجمعة (CL)   2013-03-10 كتاب Dewey Decimal Classification